Statistický lexikon obcí ČSSR 1974
Enregistré dans:
| Format: | Livre |
|---|---|
| Langue: | tchèque |
| Publié: |
Praha :
Federální statistický úřad,
1976
|
| Édition: | 1.vyd. |
| Sujets: | |
| Tags: |
Pas de tags, Soyez le premier à ajouter un tag!
|
MARC
| LEADER | 00000nam a22000003a 4500 | ||
|---|---|---|---|
| 001 | stu6791 | ||
| 005 | 20150408182023.6 | ||
| 008 | 940831s1976----cs------------------cze-d | ||
| 040 | |a STU |b slo | ||
| 041 | 0 | |a cze | |
| 044 | |a cs | ||
| 080 | |a 311.314(437) | ||
| 245 | |a Statistický lexikon obcí ČSSR 1974 | ||
| 250 | |a 1.vyd. | ||
| 260 | |a Praha : |b Federální statistický úřad, |c 1976 | ||
| 300 | |a 861 s | ||
| 650 | 7 | |a lexikon obcí ČSSR |2 stusub | |
| 996 | |b 284J020783 |c J*51975 |l JJSK |s A |a 24 |w stu6791_0001 | ||